00776nam a2200169 a 4500003000200000005001700002008004100019050002800060100002100088245019700109260009000306300004800396504004100444650005300485650004700538650002100585020250521103535.0030519s19uu xx 00 eng d aPHS GV 709.2b.P37 2003 aPark, Jin Kyung. aPerceived effects of participation in extracurricular activities on the emotional and social maturity of selected fourth year students of SISC and Brent International School /cJin Kyung Park. aLas Piñas City, Philippines :bSouthville International School and Colleges,c2003. aunnumbered pages :billustrations ;c28 cm. aIncludes bibliographical references. aExtracurricular activitiesxEducational aspects. aStudent activitiesxPsychological aspects. aSocial maturity.